000 01116nam a2200337 a 4500
003 CHAP
005 20220329143652.0
008 101206d2008 mx a r 10000 spa d
010 _a100065
011 _a101037
020 _a9789703251186
035 _a111723
040 _cCHAP
082 1 4 _a700.74
_bC76
111 2 _aCongreso Internacional de Museos Universitarios(
_n6 :
_d2008:
_cMéxico, D. F.)
_926788
245 1 0 _aNuevas rutas para los museos universitarios
_c/ Universidad Nacional Autónoma de México
260 _aMéxico, D. F. :
_bUNAM,
_c2008
300 _a360 p. ;
_bilus.
500 _aBilingüe (Epañol - Inglés)
590 _aBATCH-UPD
_b10
_c20130110
_lUCH01
_h1420
590 _aBATCH-UPD
_b10
_c20130410
_lUCH01
_h0902
590 _aBATCH-UPD
_b10
_c20130914
_lUCH01
_h0934
590 _aCONVERSION
_b10
_c20130109
_lUCH01
_h1355
650 1 4 _aCiencia y cultura.
_923148
650 1 4 _aCivilización
_xHistoria.
_923565
650 1 4 _aMuseos.
_979875
901 _aBK
911 _aen proceso
942 _cLIBRO
949 _a700.74 C76
_bBC
_cLIBRO
_d33724002131033
_eLIBRO
_h113939
_i111723
_sb
999 _c100065
_d100065